MARC

LEADER 00000nam0a2200000 4500
001 254600
005 20231101232942.0
010 |a 5288000328 
035 |a (RuTPU)RU\TPU\book\277086 
090 |a 254600 
100 |a 20140321d1988 k y0rusy50 ca 
101 0 |a rus 
102 |a RU 
105 |a y z 001zy 
200 1 |a Совершенствование хозяйственного механизма программно-целевых территориальных комплексов.  |f А. Г. Столбов  |g Ленинградский финансово-экономический институт им. Н. А. Вознесенского (ЛФЭИ) 
210 |a Ленинград  |c Изд-во Ленинградского ун-та  |d 1988 
215 |a 144 с.  |c ил. 
320 |a Библиогр.: с. 135-143. 
606 1 |a Производственно-территориальные комплексы  |2 stltpush  |3 (RuTPU)RU\TPU\subj\36757  |9 58022 
610 1 |a экономика 
610 1 |a хозяйственный механизм 
610 1 |a программно-целевые комплексы 
610 1 |a территориальные комплексы 
610 1 |a ТПК 
686 |a У9(2)0-43  |v LBC/SL-A  |2 rubbk 
700 1 |a Столбов  |b А. Г.  |g Александр Григорьевич 
712 0 2 |a Ленинградский финансово-экономический институт им. Н. А. Вознесенского (ЛФЭИ)  |c (1930-1991)  |2 stltpush  |3 (RuTPU)RU\TPU\col\5601 
801 1 |a RU  |b 63413507  |c 20140321 
801 2 |a RU  |b 63413507  |c 20161130  |g RCR 
942 |c BK